000 01415cam a22003011ia4500
003 SA-RiAUC
005 20241216142727.0
008 241215s1996 le g b 00000 ara c
040 _aSA-RiAUC
_bara
_cSA-RiAUC
_erda
050 4 _bA35 1996
082 0 4 _a251.1
_qSA-RiAUC
090 _a251.1
_b ا ب ن ك
100 1 _aابن كثير، إسماعيل بن عمر بن كثير،
_d701-774 هجري
_eمؤلف.
245 1 0 _aإرشاد الفقيه إلى معرفة أدلة التنبيه /
_cتأليف إسماعيل بن كثير الدمشقي ؛ تحقيق بهجة يوسف حمد أبو الطيب.
250 _aالطبعة الأولى.
264 1 _aبيروت :
_bمؤسسة الرسالة،
_c1996
300 _a2 مجلد ؛
_c24 سم
336 _aنص
_btxt
_2rdacontent
_3كتاب
337 _aبدون وسيط
_bn
_2rdamedia
338 _aمجلد
_bnc
_2rdacarrier
504 _aيشتمل على إرجاعات ببليوجرافية.
650 7 _aالفقه الإسلامي
_2aucsh
650 7 _aالأدلة الشرعية
_2aucsh
700 1 2 _iتحقيق لـ (عمل) :
_aابن كثير، إسماعيل بن عمر بن كثير،
_d701-774 هجري
_tإرشاد الفقيه إلى معرفة أدلة التنبيه
700 1 _aأبو الطيب، بهجة يوسف حمد
_eمحقق.
942 _2ddc
_cBOOK
_n0
949 _aSA-JeALM
_d241215
_umohamedma123
_n1
999 _c3565
_d3565